[Event "Sparkassen-Open B"]
[Site "Heusenstamm, Martinsee"]
[Date "2022.11.20"]
[Round "7.63"]
[White "Trenz, Kerstin"]
[Black "Niesel, Markus"]
[Result "0-1"]
[WhiteElo "902"]
[BlackElo "1245"]
[PlyCount "116"]
[EventDate "2022.??.??"]
[WhiteTeam "SK Gau-Algesheim"]
[BlackTeam "SV 1934 Ffm-Griesheim"]

1. e4 e5 2. Nf3 Nc6 3. c3 Nf6 4. d4 Bd6 5. Bc4 Qe7 6. O-O h6 7. Be3 O-O 8. Nbd2
exd4 9. Bxd4 Bf4 10. e5 Ne8 11. Re1 b6 12. Bd5 Kh8 13. a3 Rb8 14. g3 Nxd4 15.
cxd4 Bg5 16. h4 Bxd2 17. Nxd2 f6 18. exf6 Qxf6 19. Qf3 c6 20. Qxf6 Nxf6 21. Bf3
d5 22. g4 Bxg4 23. Re3 Bd7 24. Re5 Rbd8 25. Rae1 Rg8 26. Bd1 Rdf8 27. f3 g6 28.
f4 Nh5 29. Re7 Rd8 30. Kf2 Nxf4 31. R1e3 Rgf8 32. Kg3 Nh5+ 33. Bxh5 gxh5 34.
R7e5 Rg8+ 35. Kf2 Rdf8+ 36. Rf3 Rxf3+ 37. Nxf3 Bg4 38. Re3 Rf8 39. b4 a6 40. a4
Rf6 41. Rd3 Kg7 42. Ke2 Rxf3 43. Rxf3 Bxf3+ 44. Kxf3 Kf6 45. Kf4 Ke6 46. a5
bxa5 47. bxa5 Kd6 48. Ke3 c5 49. dxc5+ Kxc5 50. Kd3 d4 51. Kd2 Kb5 52. Kd3 Kxa5
53. Kxd4 Kb4 54. Kd3 Kb3 55. Kd4 a5 56. Kd3 a4 57. Kd2 Kb2 58. Kd1 a3 0-1